Discursos de recepción leídos en la Real Academia de Ciencias Morales y Políticas (Record no. 173055)

MARC details
000 -LEADER
campo de control de longitud fija 01903nas a2200277 i 4500
001 - NÚMERO DE CONTROL
campo de control 173055
003 - IDENTIFICADOR DE NÚMERO DE CONTROL
campo de control ES-MaACL
005 - FECHA Y HORA DE LA ÚLTIMA TRANSACCIÓN
campo de control 20230906215122.0
008 - DATOS DE LONGITUD FIJA--INFORMACIÓN GENERAL
campo de control de longitud fija 091021c19091909sp a| | 1 ||pa d
080 ## - NÚMERO DE LA CLASIFICACIÓN DECIMAL UNIVERSAL
Número de la Clasificación Decimal Universal 3 : 061.12(460)
110 2# - ENTRADA PRINCIPAL--NOMBRE DE ENTIDAD CORPORATIVA
Nombre de entidad corporativa o nombre de jurisdicción como elemento de entrada Real Academia de Ciencias Morales y Políticas (España)
9 (RLIN) 6299
245 10 - MENCIÓN DEL TÍTULO
Título Discursos de recepción leídos en la Real Academia de Ciencias Morales y Políticas
Fechas predominantes 1909-1914.
260 ## - PUBLICACIÓN, DISTRIBUCIÓN, ETC.
Lugar de publicación, distribución, etc. Madrid :
Nombre del editor, distribuidor, etc. [s. n.],
Fecha de publicación, distribución, etc. 1909 (Imp. del Asilo de Huérfanos)
300 ## - DESCRIPCIÓN FÍSICA
Extensión 1 v. ;
Dimensiones 26 cm.
505 8# - NOTA DE CONTENIDO CON FORMATO
Nota de contenido con formato Contiene: X. La transformación del Japón / Manuel Sales y Ferré (153 p.). Función del rey en el régimen constitucional y parlamentario / Antonio García Alíx (102 p.). Substantividad y fundamento del derecho militar / Ángel Salcedo y Ruiz (65 p.). Contestación / Javier Ugarte y Pagés (p. 67-102). La ciencia de la educación tiene su ligar propio entre las ciencias morales / José María Salvador y Barrera (52 p.). Contestación / Javier Ugarte y Pagés (p. 53-78). La ficción en el derecho: estudio de filosofía jurídica / Adolfo Bonilla y San Martín (54 p.). Contestación / Faustino Álvarez del Manzano y Álvarez-Rivera (p. 55-76). El anarquismo contemporáneo: sindicalismo revolucionario: deberes del Estado y sociales frente a su propaganda / Ramón Fernández Hontoria y García (73 p.). Contestación / Javier Ugarte y Pagés (p. 74-94).
700 1# - ENTRADA AGREGADA--NOMBRE PERSONAL
Nombre de persona Ugarte y Pagés, Javier.
9 (RLIN) 111900
700 1# - ENTRADA AGREGADA--NOMBRE PERSONAL
Nombre de persona Alvarez del Manzano y Alvarez Rivera, Faustino.
9 (RLIN) 20790
700 1# - ENTRADA AGREGADA--NOMBRE PERSONAL
Nombre de persona Sales Ferré, Manuel.
9 (RLIN) 101880
700 1# - ENTRADA AGREGADA--NOMBRE PERSONAL
Nombre de persona García Alix, Antonio.
9 (RLIN) 54133
700 1# - ENTRADA AGREGADA--NOMBRE PERSONAL
Nombre de persona Salcedo Ruiz, Ángel.
9 (RLIN) 101855
700 1# - ENTRADA AGREGADA--NOMBRE PERSONAL
Nombre de persona Salvador y Barrera, José María.
9 (RLIN) 141475
700 1# - ENTRADA AGREGADA--NOMBRE PERSONAL
Nombre de persona Bonilla y San Martín, Adolfo,
Fechas asociadas al nombre 1875-1926
9 (RLIN) 30193
700 1# - ENTRADA AGREGADA--NOMBRE PERSONAL
Nombre de persona Fernández Hontoria y García, Ramón.
9 (RLIN) 141476
852 ## - LOCALIZACIÓN
Ubicación ES-MaACL
Número de control de estantería K-192
Holdings
Estatus retirado Estado de pérdida Estado de daño No para préstamo Colección Biblioteca de origen Biblioteca actual Ubicación en estantería Fecha de adquisición Total de préstamos Signatura topográfica completa Código de barras Visto por última vez Precio de reemplazo Tipo de ítem Koha
        Periódicos y Revistas Biblioteca del Ateneo de Madrid Biblioteca del Ateneo de Madrid Administración 21/10/2009   K-192 1181586 23/02/2023 23/02/2023 Revista